San Antonio Spurs Head Coaches by Picture - Statistics

General Stats
  • This quiz has been taken 20 times
    5 since last reset
  • The average score is 2 of 16
Answer Stats
Picture Hint Answer % Correct
1996-2025 Gregg Popovich
100%
2025-Present Mitch Johnson
100%
1988-1992 Larry Brown
40%
1972-1973 Babe McCarthy
0%
1970-1971 Bill Blakeley
0%
1974-1976 | 1980 | 1983-1984 | 1992 Bob Bass
0%
1994-1996 Bob Hill
0%
1986-1988 Bob Weiss
0%
1967-1970 Cliff Hagan
0%
1984-1986 Cotton Fitzsimmons
0%
1976-1980 Doug Moe
0%
1992 Jerry Tarkanian
0%
1992-1994 John Lucas II
0%
1992 Rex Hughes
0%
1980-1983 Stan Albeck
0%
1971-1972 | 1973-1974 Tom Nissalke
0%
No matching quizzes found
Score Distribution
Percent of People with Each Score
Percentile by Number Answered
Your Score History
You have not taken this quiz since the last reset